[Event "Warsaw YMCA Autumn-D 193rd"]
[Site "Warsaw"]
[Date "2017.11.14"]
[Round "9"]
[White "Sloniewski, Jakub"]
[Black "Szelejewska, Maria"]
[Result "1/2-1/2"]
[WhiteElo "1148"]
[BlackElo "1154"]
[PlyCount "85"]
[EventDate "2017.09.19"]
[EventType "tourn"]
[EventRounds "13"]
[EventCountry "POL"]
[SourceTitle "EXT 2019"]
[Source "ChessBase"]
[SourceDate "2018.10.10"]
[SourceVersion "1"]
[SourceVersionDate "2018.10.10"]
[SourceQuality "1"]

1. e4 c5 2. Nf3 e6 3. d4 cxd4 4. Nxd4 a6 5. Bc4 b5 6. Bb3 Bb7 7. Qf3 Nf6 8. Bg5 Be7 9. Bxf6 Bxf6 10. c3 Qc7 11. 0-0 Nc6 12. Qe3 0-0 13. Nd2 Rad8 14. f4 e5 15. Nxc6 Bxc6 16. fxe5 Qxe5 17. Rf5 Qe7 18. e5 d6 19. e6 Kh8 20. Ne4 Bxe4 21. Qxe4 fxe6 22. Rh5 g6 23. Qxg6 d5 24. Bc2 Rd7 25. Rf1 b4 26. g4 bxc3 27. bxc3 Qg7 28. Qxg7+ Rxg7 29. g5 Be7 30. Rxf8+ Bxf8 31. g6 Kg8 32. Rxh7 Rxh7 33. gxh7+ Kh8 34. Bd3 a5 35. c4 dxc4 36. Bxc4 Kxh7 37. Bxe6 Kh6 38. a4 Kg5 39. Kg2 Kh4 40. h3 Bc5 41. Kf3 Bb4 42. Kf4 Bd2+ 43. Kf5 1/2-1/2

[Event "Warsaw YMCA Autumn-D 193rd"]
[Site "Warsaw"]
[Date "2017.09.28"]
[Round "2"]
[White "Kwiecinski, Rafal"]
[Black "Szelejewska, Maria"]
[Result "1-0"]
[WhiteElo "1162"]
[BlackElo "1154"]
[PlyCount "121"]
[EventDate "2017.09.19"]
[EventType "tourn"]
[EventRounds "13"]
[EventCountry "POL"]
[SourceTitle "EXT 2019"]
[Source "ChessBase"]
[SourceDate "2018.10.10"]
[SourceVersion "1"]
[SourceVersionDate "2018.10.10"]
[SourceQuality "1"]

1. e4 c5 2. Bc4 e6 3. Qe2 Nc6 4. c3 d6 5. Nf3 Nf6 6. Bb3 Be7 7. d3 Qc7 8. h3 b6 9. Bf4 Bb7 10. Nbd2 Rd8 11. Bh2 Qd7 12. Ba4 e5 13. Nc4 Qc7 14. Qd2 a6 15. Ne3 0-0 16. Nf5 Bc8 17. g4 Be6 18. Bxc6 Bxf5 19. gxf5 Qxc6 20. Qe2 Kh8 21. h4 h6 22. Bg3 Nh7 23. Nh2 Rg8 24. Ng4 h5 25. Ne3 g6 26. Qf3 Rd7 27. Nd5 Kg7 28. Rg1 Bd8 29. Qe3 Kf8 30. Qh6+ Rg7 31. f4 c4 32. 0-0-0 cxd3 33. fxe5 dxe5 34. fxg6 Qxg6 35. Qe3 Nf6 36. Bxe5 Qxe4 37. Qxe4 Nxe4 38. Bxg7+ Ke8 39. Rxd3 Bxh4 40. Re3 Rxd5 41. Rxe4+ Kd7 42. Rxh4 Ke6 43. Rgh1 Rg5 44. Bd4 b5 45. Rxh5 Rxh5 46. Rxh5 Kd7 47. Rh6 a5 48. Ra6 b4 49. Rxa5 bxc3 50. Bxc3 Ke6 51. Kd2 f5 52. Ke3 f4+ 53. Kxf4 Kd6 54. Ke4 Kc6 55. b4 Kb6 56. Kd5 Kb7 57. Bd4 Kc7 58. b5 Kb7 59. Kd6 Kb8 60. Kc6 Kc8 61. Ra8# 1-0

[Event "Warsaw YMCA Autumn-D 193rd"]
[Site "Warsaw"]
[Date "2017.09.19"]
[Round "1"]
[White "Szelejewska, Maria"]
[Black "Rejniak, Wojciech"]
[Result "1/2-1/2"]
[WhiteElo "1154"]
[BlackElo "1223"]
[PlyCount "109"]
[EventDate "2017.09.19"]
[EventType "tourn"]
[EventRounds "13"]
[EventCountry "POL"]
[SourceTitle "EXT 2019"]
[Source "ChessBase"]
[SourceDate "2018.10.10"]
[SourceVersion "1"]
[SourceVersionDate "2018.10.10"]
[SourceQuality "1"]

1. e4 c5 2. Nf3 Nc6 3. d4 cxd4 4. Nxd4 g6 5. Bc4 Bg7 6. Be3 Nf6 7. Nc3 0-0 8. 0-0 d6 9. Qd2 Ng4 10. Nf3 Nxe3 11. Qxe3 Qc7 12. Rad1 Na5 13. Bb3 Nc4 14. Nd5 Nxe3 15. Nxc7 Nxd1 16. Nxa8 Nxb2 17. Nc7 a6 18. Nd5 e6 19. Ne3 b5 20. c4 Nxc4 21. Nxc4 bxc4 22. Bxc4 Bb7 23. Rd1 Rc8 24. Bd3 Rc3 25. Ne1 d5 26. exd5 Bxd5 27. Bxa6 Ra3 28. Bb5 Rxa2 29. Nf3 Rb2 30. Ba6 Ra2 31. Bb5 Rb2 32. Ba6 Rb6 33. Be2 h6 34. Rc1 Rc6 35. Rxc6 Bxc6 36. Bd3 Bxf3 37. gxf3 Be5 38. Kg2 g5 39. h3 f6 40. Bc4 Kf7 41. Bb3 Ke7 42. Bc4 Bf4 43. Bd3 f5 44. Bc2 Kf6 45. Kf1 Ke5 46. Bb3 Kf6 47. Kg2 Bd6 48. Kf1 e5 49. Bd5 h5 50. Kg2 Bc7 51. Kf1 f4 52. Be4 Ke7 53. Bg6 h4 54. Ke1 Kd6 55. Be4 1/2-1/2

[Event "POL-chT U20 2nd League"]
[Site "Szczyrk"]
[Date "2017.07.28"]
[Round "9.17"]
[White "Szelejewska, Maria"]
[Black "Mazanowska, Aniela"]
[Result "0-1"]
[WhiteElo "1098"]
[BlackElo "1124"]
[PlyCount "109"]
[EventDate "2017.07.22"]
[EventType "team-swiss"]
[EventRounds "11"]
[EventCountry "POL"]
[SourceTitle "EXT 2019"]
[Source "ChessBase"]
[SourceDate "2018.10.10"]
[SourceVersion "1"]
[SourceVersionDate "2018.10.10"]
[SourceQuality "1"]

1. e4 e5 2. Nf3 Nf6 3. a3 a6 4. Nc3 Nc6 5. Bc4 Bc5 6. d3 0-0 7. h3 h6 8. 0-0 d6 9. Be3 Nd4 10. Bxd4 Bxd4 11. Nxd4 exd4 12. Ne2 c5 13. Ng3 b5 14. Ba2 Bb7 15. f3 Qc7 16. Re1 Rfe8 17. Qe2 Nd5 18. Qd2 Nb6 19. Re2 d5 20. f4 dxe4 21. dxe4 Rad8 22. Rf1 c4 23. c3 Qc5 24. cxd4 Rxd4 25. Qe3 Bxe4 26. Qf2 Bc6 27. Rxe8+ Bxe8 28. Ne2 Rd5 29. Qxc5 Rxc5 30. Rd1 Rc8 31. Bb1 Na4 32. Rd2 c3 33. bxc3 Nxc3 34. Bf5 Nxe2+ 35. Rxe2 Rb8 36. Re7 Bc6 37. Kf2 a5 38. Rc7 Bd5 39. Bd3 b4 40. axb4 axb4 41. Rc5 Ba2 42. Rc2 Bb1 43. Rd2 Bxd3 44. Rxd3 b3 45. Rd1 b2 46. Rb1 Kf8 47. Ke2 Ke7 48. Kd3 Ke6 49. Kc2 Kf5 50. g3 Ke4 51. f5 Kxf5 52. Rf1+ Kg5 53. Kb1 f5 54. Rf3 Kf6 55. Re3 0-1

[Event "POL-chT U20 2nd League"]
[Site "Szczyrk"]
[Date "2017.07.27"]
[Round "8.41"]
[White "Pluta, Natalia"]
[Black "Szelejewska, Maria"]
[Result "1-0"]
[WhiteElo "1795"]
[BlackElo "1098"]
[PlyCount "77"]
[EventDate "2017.07.22"]
[EventType "team-swiss"]
[EventRounds "11"]
[EventCountry "POL"]
[SourceTitle "EXT 2019"]
[Source "ChessBase"]
[SourceDate "2018.10.10"]
[SourceVersion "1"]
[SourceVersionDate "2018.10.10"]
[SourceQuality "1"]

1. e4 c5 2. c4 Nc6 3. Nc3 e6 4. g3 d6 5. Bg2 g6 6. Nge2 Bg7 7. d3 Nf6 8. 0-0 0-0 9. h3 Nd4 10. Be3 Nxe2+ 11. Nxe2 Qc7 12. Qc2 Nd7 13. d4 cxd4 14. Nxd4 Ne5 15. Rac1 Rd8 16. Nb5 Qc6 17. f4 Nd7 18. Nxa7 Qa6 19. Nxc8 Raxc8 20. b3 Ra8 21. Rf2 Qa5 22. Qd2 Qa3 23. Rd1 Nf8 24. Qc1 Qb4 25. Rfd2 h6 26. e5 Ra6 27. exd6 Raxd6 28. Rxd6 Rxd6 29. Rxd6 Qxd6 30. Bxb7 Qb4 31. Be4 Bf6 32. Qd2 Bc3 33. Qc2 Bf6 34. Kg2 Bc3 35. a3 Qa5 36. Bc1 Bf6 37. b4 Qc7 38. Qd3 Nd7 39. Be3 1-0

[Event "POL-chT U20 2nd League"]
[Site "Szczyrk"]
[Date "2017.07.26"]
[Round "7.41"]
[White "Szelejewska, Maria"]
[Black "Kupiecka, Julia"]
[Result "1/2-1/2"]
[WhiteElo "1098"]
[BlackElo "1038"]
[PlyCount "90"]
[EventDate "2017.07.22"]
[EventType "team-swiss"]
[EventRounds "11"]
[EventCountry "POL"]
[SourceTitle "EXT 2019"]
[Source "ChessBase"]
[SourceDate "2018.10.10"]
[SourceVersion "1"]
[SourceVersionDate "2018.10.10"]
[SourceQuality "1"]

1. e4 e5 2. Nf3 Nc6 3. Bb5 a6 4. Ba4 Nf6 5. 0-0 Bc5 6. c3 d6 7. h3 b5 8. Bb3 Be6 9. Bc2 d5 10. exd5 Qxd5 11. Bb3 Qd6 12. Bxe6 fxe6 13. Qe2 h6 14. d3 Qd5 15. Be3 Bd6 16. Nbd2 e4 17. dxe4 Nxe4 18. Rfd1 Ne5 19. Nxe5 Qxe5 20. Nf3 Qf5 21. Re1 0-0 22. Bd4 Ng5 23. Nxg5 Qxg5 24. Qxe6+ Kh8 25. Qg4 Qxg4 26. hxg4 Rae8 27. g3 c5 28. Be3 Re7 29. Rad1 Rd7 30. Bf4 Rfd8 31. Re6 Bxf4 32. Rxd7 Rxd7 33. gxf4 Rd2 34. Rxa6 Rxb2 35. Ra3 Kh7 36. Rb3 Rxb3 37. axb3 Kg6 38. f3 Kf6 39. c4 b4 40. Kf2 Ke6 41. Kg3 Kf6 42. Kh4 g6 43. Kg3 Ke6 44. Kh4 Kf6 45. Kg3 Ke6 1/2-1/2

[Event "POL-ch U12 Girls"]
[Site "Suwalki"]
[Date "2015.04.11"]
[Round "5.18"]
[White "Wojtas, Emilia"]
[Black "Szelejewska, Maria"]
[Result "0-1"]
[WhiteElo "1184"]
[BlackElo "1031"]
[PlyCount "130"]
[EventDate "2015.04.08"]
[EventType "swiss"]
[EventRounds "9"]
[EventCountry "POL"]
[SourceTitle "EXT 2023"]
[Source "ChessBase"]
[SourceDate "2022.10.05"]
[SourceVersion "1"]
[SourceVersionDate "2022.10.05"]
[SourceQuality "1"]

1. e4 c5 2. Nf3 d6 3. d4 cxd4 4. Nxd4 Nf6 5. Nc3 e6 6. Be2 a6 7. Be3 Qc7 8. Qd2 b5 9. a3 Bb7 10. f3 Be7 11. Rc1 Nc6 12. Nxc6 Qxc6 13. Qd4 Rc8 14. Qb6 d5 15. Qxc6+ Bxc6 16. e5 Nd7 17. f4 Nc5 18. b4 Nb7 19. Bf3 0-0 20. 0-0 Rfd8 21. Ne2 Rf8 22. Nd4 Nd8 23. c3 f6 24. exf6 Bxf6 25. Nxc6 Nxc6 26. Bc5 Rfe8 27. g3 Red8 28. Rfe1 e5 29. fxe5 Nxe5 30. Be2 Nc4 31. Bxc4 dxc4 32. Rc2 Re8 33. Rxe8+ Rxe8 34. Kf2 Kf7 35. h3 h6 36. g4 Kg6 37. Kf3 Re1 38. Bd4 Bxd4 39. cxd4 Kf6 40. Re2 Rxe2 41. Kxe2 Ke6 42. Kd2 g6 43. h4 g5 44. hxg5 hxg5 45. Ke2 Kd6 46. Kd2 Kc6 47. Ke2 Kb6 48. Kd2 a5 49. Ke2 axb4 50. axb4 Kc6 51. Kd2 Kd5 52. Ke3 c3 53. Kd3 c2 54. Kxc2 Kxd4 55. Kb3 Kd3 56. Ka2 Ke4 57. Kb3 Kf4 58. Kc3 Kxg4 59. Kd4 Kf3 60. Kc5 g4 61. Kxb5 g3 62. Ka6 g2 63. b5 g1Q 64. b6 Qg8 65. b7 Qb8 0-1

[Event "POL Olympiad U12 Girls"]
[Site "Spala"]
[Date "2014.12.30"]
[Round "2.16"]
[White "Szelejewska, Maria"]
[Black "Wojciechowska, Martyna"]
[Result "0-1"]
[WhiteElo "1054"]
[BlackElo "1280"]
[PlyCount "64"]
[EventDate "2014.04.06"]
[EventType "swiss"]
[EventRounds "9"]
[EventCountry "POL"]
[SourceTitle "EXT 2023"]
[Source "ChessBase"]
[SourceDate "2022.10.05"]
[SourceVersion "1"]
[SourceVersionDate "2022.10.05"]
[SourceQuality "1"]

1. e4 c5 2. Nf3 Nc6 3. d4 cxd4 4. Nxd4 Nf6 5. Nc3 e5 6. Nf3 Bb4 7. Bd3 d5 8. exd5 Nxd5 9. 0-0 Bg4 10. Be2 Nxc3 11. Qxd8+ Rxd8 12. bxc3 Bxc3 13. h3 Bxf3 14. Bxf3 Bxa1 15. Bg5 f6 16. Rxa1 fxg5 17. Re1 0-0 18. Bxc6 bxc6 19. Rxe5 Rd1+ 20. Kh2 h6 21. f3 Rb1 22. a4 Rb2 23. Rc5 Rc8 24. Kg3 Kh7 25. c3 Kg6 26. h4 gxh4+ 27. Kxh4 Rxg2 28. f4 Ra2 29. f5+ Kf6 30. a5 Rf2 31. Kg4 h5+ 32. Kxh5 Rxf5+ 0-1